00305nam a2200121Ia 4500082002000000100001500020245004000035260004400075300000800119650002400127650001300151650001900164 a381.30954 KAP-O aKapur, J.C 0aOur future: consumerism or humanism aNew DelhibKapur Surya Foundationc2005 a297 aConsumervBehaviour aHumanism aFuturesvIndia